| 000 | 00405nam a2200169Ia 4500 | ||
|---|---|---|---|
| 003 | OSt | ||
| 005 | 20240130102616.0 | ||
| 008 | 170619s9999 xx 000 0 und d | ||
| 020 | _a9780070611931 | ||
| 040 | _cIIMT ENGINEERING COLLEGE | ||
| 100 | _aVohra- N D | ||
| 245 | 0 | _aQuantitative technique in management | |
| 260 | _bNew Delhi T M H | ||
| 260 | _c2006 | ||
| 546 | _aENGLISH | ||
| 942 |
_2ddc _c02 |
||
| 999 |
_c22211 _d22211 |
||